Кюхля : (Record no. 285087)
[ view plain ]
| 000 -LEADER | |
|---|---|
| fixed length control field | 00851nam a2200229 u 4500 |
| 001 - CONTROL NUMBER | |
| control field | 000778707 |
| 003 - CONTROL NUMBER IDENTIFIER | |
| control field | AM-YeHGA |
| 005 - DATE AND TIME OF LATEST TRANSACTION | |
| control field | 20250617144000.0 |
| 008 - FIXED-LENGTH DATA ELEMENTS--GENERAL INFORMATION | |
| fixed length control field | 101214s1964 |||| |||||||||| | rus c |
| 040 ## - CATALOGING SOURCE | |
| Original cataloging agency | AM-YeHGA |
| 041 0# - LANGUAGE CODE | |
| Language code of text/sound track or separate title | rus |
| 090 ## - LOCALLY ASSIGNED LC-TYPE CALL NUMBER (OCLC); LOCAL CALL NUMBER (RLIN) | |
| -- | 286749 |
| 100 1# - MAIN ENTRY--PERSONAL NAME | |
| Personal name | Тынянов, Юрий Николаевич |
| Dates associated with a name | 1894-1943 |
| 245 10 - TITLE STATEMENT | |
| Title | Кюхля : |
| Remainder of title | [Роман] / |
| Statement of responsibility, etc. | Ю.Н. Тынянов. |
| 260 ## - PUBLICATION, DISTRIBUTION, ETC. | |
| Place of publication, distribution, etc. | Москва ; |
| -- | Ленинград : |
| Name of publisher, distributor, etc. | Художественная литература, |
| Date of publication, distribution, etc. | 1964. |
| 300 ## - PHYSICAL DESCRIPTION | |
| Extent | 364 стр. : |
| Other physical details | илл. ; |
| Dimensions | 20 см. |
| 440 #0 - SERIES STATEMENT/ADDED ENTRY--TITLE | |
| Title | Библиотека исторического романа |
| 600 14 - SUBJECT ADDED ENTRY--PERSONAL NAME | |
| Personal name | Кюхельбекер, Вильгельм |
| Dates associated with a name | 1797-1846 |
| 650 14 - SUBJECT ADDED ENTRY--TOPICAL TERM | |
| Topical term or geographic name entry element | Русская литература |
| General subdivision | Роман |
| 653 0# - INDEX TERM--UNCONTROLLED | |
| Uncontrolled term | Декабристы |
| 653 0# - INDEX TERM--UNCONTROLLED | |
| Uncontrolled term | Писатели русские |
| Withdrawn status | Lost status | Damaged status | Not for loan | Collection | Home library | Current library | Date acquired | Total checkouts | Full call number | Barcode | Date last seen | Price effective from | Koha item type | Public note |
|---|---|---|---|---|---|---|---|---|---|---|---|---|---|---|
| General | Fundamental Scientific Library | Fundamental Scientific Library | 29/12/2016 | PII/486550 | FL0265537 | 29/12/2016 | 29/12/2016 | Գրքեր / Books | 30 Days Loan |
ՀՀ Գիտությունների ազգային ակադեմիայի հիմնարար գիտական գրադարան = Fundamental Scientific Library of NAS RA
All site content, except where otherwise noted, is licensed under a